000 02255cam a22004697i 4500
001 sky280168469
003 SKY
005 20260109041025.0
008 161202s2016 nyub j 000 1 eng d
010 _a2016295814
020 _z9781338032826
_q(pbk.)
020 _z1338032828
_q(pbk.)
020 _a9780545917636
020 _a0545917638
020 _a9781338032826 (pbk.)
020 _a1338032828 (pbk.)
040 _aCD5
_beng
_cCD5
_erda
_erda
_dBTCTA
_dYDXCP
_dBDX
_dOCLCQ
_dBVD
_dOKN
_dIEU
_dOU9
_dOCLCO
_dZQP
_dOCLCF
_dOCLCO
_dOQX
_dOKN
_dOCLCO
_dRV8
_dFSIMP
_dDLC
_dSKYRV
042 _alccopycat
049 _aCBL
050 0 0 _aPZ7.H1996
_bHd 2016
082 _aFIC
092 _aJ PBK
100 1 _aHapka, Cathy,
_eauthor.
245 1 0 _aHeart of a dolphin /
_cCatherine Hapka.
260 _aNew York, NY :
_bScholastic Inc.,
_c[2016]
264 1 _aNew York, NY :
_bScholastic Inc.,
_c[2016]
300 _a186 pages :
_bmap ;
_c20 cm.
336 _atext
_btxt
_2rdacontent.
337 _aunmediated
_bn
_2rdamedia.
338 _avolume
_bnc
_2rdacarrier.
520 _aWhen Annie spots a dolphin trapped in fishing line in the cove near her house, she rushes to free him. Everyone cheers when she returns to shore, but only Annie knows that she and the dolphin have forged a special bond. He's become her friend--and keeps returning to the cove to visit and play. Meanwhile, out of the water, nothing is going right. Annie's best friend, Emma, has changed, and keeps ditching her to hang out with snobby Morgan. At home, Annie's busy parents barely seem to have time for her, and she's stuck with her hyper younger brother always tagging along. Then a misunderstanding with Morgan makes things even worse ... and ultimately leaves Annie alone and in danger. Can her dolphin friend help her when she needs it most.
521 2 _aAppeals to 4th-6th graders.
521 0 _aReading level grade 4.
526 0 _aAccelerated Reader AR
_bMG
_c5.0
_d5.0
_z181942.
650 0 _aDolphins
_vJuvenile fiction.
650 1 _aDolphins
_vFiction.
650 7 _aDolphins
_vFiction.
_2sears.
650 7 _aFriendship
_vFiction.
_2sears.
655 7 _aFiction.
_2fast
_0(OCoLC)fst01423787.
655 7 _aJuvenile works.
_2fast
_0(OCoLC)fst01411637.
942 _cBK
999 _c31428
_d31426